[Event "Is Bankasi Online Satranc Turn.13-14 Yas"]
[Site "T#645826Mustafa Kemal"]
[Date "2020.05.08"]
[Round "3"]
[White "Melihguren12"]
[Black "Yankitaspinar54"]
[Result "0-1"]
[WhiteElo "1620"]
[BlackElo "2041"]
[Annotator "TA"]
[PlyCount "96"]
[EventDate "2020.05.08"]
[EventType "swiss (blitz)"]

{[%evp 11,96,8,22,26,23,0,0,-7,0,0,26,28,33,37,27,21,25,14,62,67,50,54,56,18,118,111,119,79,102,79,105,95,130,120,235,234,271,245,275,262,416,189,226,144,168,-175,-118,-94,-91,-86,220,191,279,-45,-60,-124,-118,-152,-83,-113,-84,-136,-131,-253,-138,-138,-79,-836,-520,-1414,-1387,-2293,-1830,-1701,-1179,-29990,-2288,-29993,-29994,-29994,-29995,-29995,-29996,-29996,-29997,-29998,-29999]} 1. e4 e5 2. Nf3 Nc6 3. Bc4 Nf6 4. d3 Bc5 5. c3 d6 6. Bb3 a6 7. h3 {C54: Giuoco Piano: 4 c3 Nf6, main lines with 5 d4 and 5 d3.} Ba7 8. Bc2 h6 9. d4 {[#] The position is equal.} exd4 $146 ({Predecessor:} 9... O-O 10. O-O Re8 11. Re1 Nh5 12. Be3 Qf6 13. Nbd2 Nf4 14. Nf1 g5 15. d5 Ne7 {½-½ (39) Van Vliet,J-Freeke,M Hengelo 2003}) 10. cxd4 O-O 11. Nc3 b5 12. a3 Bb7 13. O-O Re8 14. Re1 b4 15. axb4 Nxb4 16. Bb1 c5 17. Bf4 Rc8 (17... cxd4 $11 {keeps the balance.} 18. Nxd4 d5) 18. d5 $1 $16 c4 19. Be3 Bxe3 20. Rxe3 Nd7 21. Nd4 {And now Rg3 would win.} Ne5 22. Nf5 Qf6 (22... Kh7 $16) 23. Rg3 $18 Ng6 {[#]} 24. h4 $1 {[%mdl 512]} h5 (24... Nxh4 25. Nxg7) 25. Qxh5 Re5 (25... Rcd8 $142 26. Ra4 a5 27. Rxa5 Nd3) 26. Rg5 (26. Qg4 $142) 26... Rce8 27. g3 Bc8 28. g4 $4 {[%mdl 8192]} (28. f4 Rxf5 29. exf5 Re1+ 30. Kf2 (30. Kg2 $2 Qd4 $17) 30... Nd3+ 31. Bxd3 Rxa1 $17) (28. Ra4 $18 {avoids the disaster.} a5 29. Rxa5) 28... Nf4 (28... Bd7 $19 29. f3 Nxd5 30. Rxg6 (30. exd5 $2 Re1+ 31. Kf2 Bxf5 $19 {[%mdl 64] Pin}) (30. Nxd5 $2 Rxd5 31. Nh6+ gxh6 $19) 30... fxg6 31. Nxd5 Qf7 {[%mdl 64] Pin} 32. Nh6+ gxh6 33. Qxh6 Bxg4 $1 {[%mdl 512]}) 29. Rxg7+ $17 Qxg7 30. Nxg7 Nxh5 $4 {[%mdl 8192]} (30... Rxh5 $2 {perishes.} 31. Nxe8 (31. Nxh5 Nxh5 32. gxh5 Bd7 $18) 31... Rxh4 32. f3 $18 (32. Nxd6 Rxg4+ 33. Kf1 Bd7 $18)) (30... Kxg7 $17 31. Qxe5+ dxe5) 31. Nxh5 Kf8 (31... Rxh5 {might work better.} 32. gxh5 Bd7) 32. Ng3 $2 (32. Ra4 $18 a5 33. Rxa5) 32... Bxg4 $15 33. Ra4 (33. f3 $15 Bxf3 34. Nf5) 33... Rb8 $17 34. Kg2 Bd7 ({Black should play} 34... Nd3 35. Bxd3 cxd3) 35. Ra5 Rb6 36. f4 (36. Ba2 $142) 36... Re8 37. Nh5 (37. Kf2 $17) 37... Reb8 ({Black should try} 37... Ke7 $19 {...Nd3 is the strong threat.} 38. f5 Rh8) 38. Nf6 Ke7 39. Ne2 $2 {[%mdl 8192]} (39. e5 $17) 39... Nd3 40. Ng4 (40. Nxd7 $142 Kxd7 41. Ba2 Rxb2 42. Kf3) 40... Rxb2 $19 41. Kf3 Bxg4+ {[%mdl 64] Overworked Piece} 42. Kxg4 Rxe2 43. Kf5 Rf2 (43... Rxb1 $142 44. Ra4 c3 45. Rc4 c2 46. Rxc2 Rxc2 47. e5 Rg1 48. exd6+ Kxd6 49. Kf6 {[#]} Rf2 $1 {[%mdl 512]} 50. f5 Ne5 51. h5 Rh2 52. h6 Rxh6#) 44. Rxa6 Rxf4+ {Black mates.} 45. Kg5 Rg8+ 46. Kh5 Ne5 47. Ra7+ Kf6 {[%cal Rg8h8]} 48. Ra8 Rxa8 {Never resign too early! Accuracy: White = 39%, Black = 47%.} 0-1

[Event "Is Bankasi Online Satranc Turn.13-14 Yas"]
[Site "T#645826Mustafa Kemal"]
[Date "2020.05.08"]
[Round "3"]
[White "Mertkoksal90"]
[Black "Omeryigityaman82"]
[Result "1-0"]
[WhiteElo "1620"]
[BlackElo "1620"]
[Annotator "NA RC"]
[PlyCount "65"]
[EventDate "2020.05.08"]
[EventType "swiss (blitz)"]

1. e4 {[%emt 0:00:01]} c5 {[%emt 0:00:02]} 2. Nf3 {[%emt 0:00:01]} e6 {[%emt 0:00:02]} 3. d4 {[%emt 0:00:02]} cxd4 {[%emt 0:00:01]} 4. Nxd4 {[%emt 0:00:00]} Nf6 {[%emt 0:00:01]} 5. Nc3 {[%emt 0:00:00]} Nc6 {[%emt 0:00:02]} 6. Bc4 {[%emt 0:00:01]} Bb4 {[%emt 0:00:03]} 7. Nxc6 {[%emt 0:00:02]} bxc6 {[%emt 0:00:01]} 8. Bd2 {[%emt 0:00:02]} d5 {[%emt 0:00:05]} 9. exd5 {[%emt 0:00:02]} exd5 {[%emt 0:00:02]} 10. Bd3 {[%emt 0:00:03]} O-O {[%emt 0:00:05]} 11. O-O {[%emt 0:00:01]} Bd6 {[%emt 0:00:09]} 12. h3 {[%emt 0:00:05]} Be6 {[%emt 0:00:06]} 13. Qf3 {[%emt 0:00:09]} h6 {[%emt 0:00:07]} 14. Bf4 {[%emt 0:00:03]} Bxf4 {[%emt 0:00:14]} 15. Qxf4 {[%emt 0:00:00]} d4 {[%emt 0:00:02]} 16. Ne4 {[%emt 0:00:02]} Nd5 {[%emt 0:00:02]} 17. Qd2 {[%emt 0:00:15]} Rb8 {[%emt 0:00:10]} 18. c3 {[%emt 0:00:14]} dxc3 {[%emt 0:00:08]} 19. Nxc3 {[%emt 0:00:00]} Qd7 {[%emt 0:00:03]} 20. Rfd1 {[%emt 0:00:27]} Rfd8 {[%emt 0:00:10]} 21. Nxd5 {[%emt 0:00:12]} cxd5 {[%emt 0:00:04]} 22. b3 {[%emt 0:00:06]} Qd6 {[%emt 0:00:14]} 23. Rac1 {[%emt 0:00:13]} Rb4 {[%emt 0:00:05]} 24. Qe3 {[%emt 0:00:08]} d4 {[%emt 0:00:11]} 25. Qe4 {[%emt 0:00:04]} f5 {[%emt 0:00:04]} 26. Qf3 {[%emt 0:00:12]} Rbb8 {[%emt 0:00:06]} 27. Re1 {[%emt 0:00:02]} Rf8 {[%emt 0:00:07]} 28. Rc6 {[%emt 0:00:03]} Qd5 {[%emt 0:00:11]} 29. Rcxe6 {[%emt 0:00:06]} Qxf3 {[%emt 0:00:03]} 30. gxf3 {[%emt 0:00:00]} Rbc8 {[%emt 0:00:01]} 31. Bc4 {[%emt 0:00:03]} Rfd8 {[%emt 0:00:04]} 32. Rxh6+ {[%emt 0:00:07]} Kf8 {[%emt 0:00:04]} 33. Rh8# {[%emt 0:00:02] (Lag: Av=0.50s, max=1.0s)} 1-0

[Event "Is Bankasi Online Satranc Turn.13-14 Yas"]
[Site "T#645826Mustafa Kemal"]
[Date "2020.05.08"]
[Round "3"]
[White "Metinemrekina76"]
[Black "Yigitsarpcalli32"]
[Result "0-1"]
[WhiteElo "1620"]
[BlackElo "1766"]
[Annotator "NA RC"]
[PlyCount "156"]
[EventDate "2020.05.08"]
[EventType "swiss (blitz)"]

1. e4 {[%emt 0:00:05]} c5 {[%emt 0:00:03]} 2. Nf3 {[%emt 0:00:01]} Nc6 {[%emt 0:00:02]} 3. c3 {[%emt 0:00:02]} e6 {[%emt 0:00:09]} 4. d4 {[%emt 0:00:04]} cxd4 {[%emt 0:00:01]} 5. cxd4 {[%emt 0:00:00]} d5 {[%emt 0:00:02]} 6. exd5 {[%emt 0:00:02]} Qxd5 {[%emt 0:00:00]} 7. Nc3 {[%emt 0:00:02]} Bb4 {[%emt 0:00:02]} 8. Bd2 {[%emt 0:00:02]} Bxc3 {[%emt 0:00:02]} 9. bxc3 {[%emt 0:00:00]} Nf6 {[%emt 0:00:02]} 10. Be2 {[%emt 0:00:05]} O-O {[%emt 0:00:02]} 11. O-O {[%emt 0:00:02]} Ne4 {[%emt 0:00:02]} 12. Bd3 {[%emt 0:00:21]} Nxd2 {[%emt 0:00:03]} 13. Qxd2 {[%emt 0:00:00]} g6 {[%emt 0:00:08]} 14. Rab1 {[%emt 0:00:05]} e5 {[%emt 0:00:02]} 15. c4 {[%emt 0:00:12]} Qd6 {[%emt 0:00:16]} 16. d5 {[%emt 0:00:03]} Ne7 {[%emt 0:00:05]} 17. Rfe1 {[%emt 0:00:03]} f6 {[%emt 0:00:21]} 18. Qc2 {[%emt 0:00:22]} Nf5 {[%emt 0:00:09]} 19. h3 {[%emt 0:00:11]} b6 {[%emt 0:00:06]} 20. Nd2 {[%emt 0:00:08]} Nd4 {[%emt 0:00:02]} 21. Qc3 {[%emt 0:00:07]} Bf5 {[%emt 0:00:04]} 22. Bxf5 {[%emt 0:00:04]} Nxf5 {[%emt 0:00:00]} 23. Ne4 {[%emt 0:00:02]} Qc7 {[%emt 0:00:03]} 24. Rbc1 {[%emt 0:00:06]} Rac8 {[%emt 0:00:05]} 25. Ng3 {[%emt 0:00:03]} Nd4 {[%emt 0:00:10]} 26. Ne2 {[%emt 0:00:09]} Nxe2+ {[%emt 0:00:08]} 27. Rxe2 {[%emt 0:00:00]} Rfd8 {[%emt 0:00:03]} 28. Rd2 {[%emt 0:00:05]} Qc5 {[%emt 0:00:09]} 29. Qb3 {[%emt 0:00:16]} Rd7 {[%emt 0:00:10]} 30. Rdc2 {[%emt 0:00:05]} Rdc7 {[%emt 0:00:09]} 31. a4 {[%emt 0:00:04]} Qd4 {[%emt 0:00:14]} 32. Qc3 {[%emt 0:00:11]} Qxc3 {[%emt 0:00:05]} 33. Rxc3 {[%emt 0:00:00]} Kf7 {[%emt 0:00:04]} 34. Kf1 {[%emt 0:00:03]} Ke7 {[%emt 0:00:03]} 35. Ke2 {[%emt 0:00:01]} Rc5 {[%emt 0:00:02]} 36. Ke3 {[%emt 0:00:06]} Kd6 {[%emt 0:00:02]} 37. f3 {[%emt 0:00:03]} Ra5 {[%emt 0:00:03]} 38. Ra1 {[%emt 0:00:08]} Rxd5 {[%emt 0:00:03]} 39. Rd3 {[%emt 0:00:12]} Rxd3+ {[%emt 0:00:03]} 40. Kxd3 {[%emt 0:00:00]} Kc5 {[%emt 0:00:01]} 41. Rb1 {[%emt 0:00:14]} Rd8+ {[%emt 0:00:04]} 42. Kc3 {[%emt 0:00:01]} Rd4 {[%emt 0:00:03]} 43. Rb5+ {[%emt 0:00:04]} Kc6 {[%emt 0:00:01]} 44. Rb2 {[%emt 0:00:03] Metinemrekina76 beraberlik teklif ediyor} a6 {[%emt 0:00:06]} 45. g3 {[%emt 0:00:20]} Kc5 {[%emt 0:00:11]} 46. Rb4 {[%emt 0:00:02]} Rd1 {[%emt 0:00:03]} 47. Rb3 {[%emt 0:00:11]} Rg1 {[%emt 0:00:03]} 48. g4 {[%emt 0:00:02]} Rg3 {[%emt 0:00:01]} 49. Kc2 {[%emt 0:00:03]} Rxh3 {[%emt 0:00:02]} 50. Rc3 {[%emt 0:00:01]} Rh2+ {[%emt 0:00:01]} 51. Kb3 {[%emt 0:00:01]} Rf2 {[%emt 0:00:04]} 52. Rd3 {[%emt 0:00:02]} h5 {[%emt 0:00:07]} 53. Rd5+ {[%emt 0:00:01]} Kc6 {[%emt 0:00:02]} 54. Rd3 {[%emt 0:00:01]} h4 {[%emt 0:00:01]} 55. Kb4 {[%emt 0:00:04]} h3 {[%emt 0:00:04]} 56. f4 {[%emt 0:00:01]} Rxf4 {[%emt 0:00:04]} 57. Rxh3 {[%emt 0:00:01]} b5 {[%emt 0:00:02]} 58. Rg3 {[%emt 0:00:01]} Rxc4+ {[%emt 0:00:02]} 59. Kb3 {[%emt 0:00:02]} Rxa4 {[%emt 0:00:01]} 60. Rc3+ {[%emt 0:00:01]} Rc4 {[%emt 0:00:01]} 61. Rxc4+ {[%emt 0:00:00]} bxc4+ {[%emt 0:00:00]} 62. Kxc4 {[%emt 0:00:00]} f5 {[%emt 0:00:01]} 63. gxf5 {[%emt 0:00:02]} gxf5 {[%emt 0:00:00]} 64. Kd3 {[%emt 0:00:00]} Kc5 {[%emt 0:00:01]} 65. Ke3 {[%emt 0:00:00]} a5 {[%emt 0:00:01]} 66. Kf3 {[%emt 0:00:00]} a4 {[%emt 0:00:01]} 67. Ke2 {[%emt 0:00:00]} a3 {[%emt 0:00:01]} 68. Ke3 {[%emt 0:00:00]} Kc4 {[%emt 0:00:01]} 69. Kf3 {[%emt 0:00:00]} a2 {[%emt 0:00:01]} 70. Ke3 {[%emt 0:00:00]} a1=Q {[%emt 0:00:02]} 71. Kf3 {[%emt 0:00:00]} Qd4 {[%emt 0:00:02]} 72. Ke2 {[%emt 0:00:01]} Kc3 {[%emt 0:00:02]} 73. Ke1 {[%emt 0:00:00]} Qd2+ {[%emt 0:00:02]} 74. Kf1 {[%emt 0:00:02]} Kd3 {[%emt 0:00:01]} 75. Kg1 {[%emt 0:00:00]} Qe2 {[%emt 0:00:03]} 76. Kh1 {[%emt 0:00:00]} Ke3 {[%emt 0:00:01]} 77. Kg1 {[%emt 0:00:01]} Kf3 {[%emt 0:00:01]} 78. Kh1 {[%emt 0:00:00]} Qg2# {[%emt 0:00:01] (Lag: Av=0.46s, max=0.9s)} 0-1

[Event "Is Bankasi Online Satranc Turn.13-14 Yas"]
[Site "T#645826Mustafa Kemal"]
[Date "2020.05.08"]
[Round "3"]
[White "Mustafaarasdon36"]
[Black "Onuryasa94"]
[Result "1-0"]
[WhiteElo "1620"]
[BlackElo "1292"]
[Annotator "NA RC"]
[PlyCount "73"]
[EventDate "2020.05.08"]
[EventType "swiss (blitz)"]

1. e4 {[%emt 0:00:02]} e5 {[%emt 0:00:02]} 2. Nf3 {[%emt 0:00:04]} Nc6 {[%emt 0:00:03]} 3. Nc3 {[%emt 0:00:02]} Nf6 {[%emt 0:00:02]} 4. Bc4 {[%emt 0:00:05]} Bb4 {[%emt 0:00:06]} 5. d3 {[%emt 0:00:02]} O-O {[%emt 0:00:04]} 6. Bd2 {[%emt 0:00:05]} d6 {[%emt 0:00:13]} 7. a3 {[%emt 0:00:00]} Ba5 {[%emt 0:00:03]} 8. b4 {[%emt 0:00:04]} Bb6 {[%emt 0:00:02]} 9. Bg5 {[%emt 0:00:04]} Bd4 {[%emt 0:00:10]} 10. Nd5 {[%emt 0:00:04]} Bxa1 {[%emt 0:00:10]} 11. Qxa1 {[%emt 0:00:06]} Be6 {[%emt 0:00:14]} 12. Nxf6+ {[%emt 0:00:08]} gxf6 {[%emt 0:00:02]} 13. Bh6 {[%emt 0:00:02]} Re8 {[%emt 0:00:05]} 14. Nd2 {[%emt 0:00:08]} Bxc4 {[%emt 0:00:08]} 15. Nxc4 {[%emt 0:00:03]} Qd7 {[%emt 0:00:10]} 16. Qd1 {[%emt 0:00:03]} Ne7 {[%emt 0:00:11]} 17. Qf3 {[%emt 0:00:09]} Ng6 {[%emt 0:00:02]} 18. h4 {[%emt 0:00:04]} f5 {[%emt 0:00:25]} 19. h5 {[%emt 0:00:02]} f6 {[%emt 0:00:06]} 20. hxg6 {[%emt 0:00:02]} hxg6 {[%emt 0:00:01]} 21. Qg3 {[%emt 0:00:02]} Kf7 {[%emt 0:00:01]} 22. exf5 {[%emt 0:00:04]} Qxf5 {[%emt 0:00:04]} 23. Ne3 {[%emt 0:00:31]} Qe6 {[%emt 0:00:04]} 24. Qf3 {[%emt 0:00:10]} Rh8 {[%emt 0:00:06]} 25. Qxb7 {[%emt 0:00:03]} Qd7 {[%emt 0:00:08]} 26. Nd5 {[%emt 0:00:26]} Rac8 {[%emt 0:00:12]} 27. Qxa7 {[%emt 0:00:10]} Ke6 {[%emt 0:00:05]} 28. c4 {[%emt 0:00:06]} Ra8 {[%emt 0:00:20]} 29. Qe3 {[%emt 0:00:05]} Rxa3 {[%emt 0:00:04]} 30. Qh3+ {[%emt 0:00:03]} f5 {[%emt 0:00:12]} 31. g4 {[%emt 0:00:04]} Ra1+ {[%emt 0:00:02]} 32. Ke2 {[%emt 0:00:05]} Rf8 {[%emt 0:00:06]} 33. Rxa1 {[%emt 0:00:05]} Rf7 {[%emt 0:00:12]} 34. gxf5+ {[%emt 0:00:04]} gxf5 {[%emt 0:00:02]} 35. Bg5 {[%emt 0:00:04]} c6 {[%emt 0:00:03]} 36. Qh6+ {[%emt 0:00:03]} Rf6 {[%emt 0:00:08]} 37. Qxf6# {[%emt 0:00:02] (Lag: Av=0.54s, max=0.9s)} 1-0

[Event "Is Bankasi Online Satranc Turn.13-14 Yas"]
[Site "T#645826Mustafa Kemal"]
[Date "2020.05.08"]
[Round "3"]
[White "Nurullahkilic14"]
[Black "Emreakdas24"]
[Result "0-1"]
[WhiteElo "1620"]
[BlackElo "1740"]
[Annotator "NA RC"]
[PlyCount "126"]
[EventDate "2020.05.08"]
[EventType "swiss (blitz)"]

1. e4 {[%emt 0:00:03]} e5 {[%emt 0:00:01]} 2. Nf3 {[%emt 0:00:02]} Nc6 {[%emt 0:00:00]} 3. d4 {[%emt 0:00:02]} exd4 {[%emt 0:00:02]} 4. Bc4 {[%emt 0:00:02]} Bc5 {[%emt 0:00:03]} 5. c3 {[%emt 0:00:02]} Nf6 {[%emt 0:00:10]} 6. cxd4 {[%emt 0:00:05]} Bb4+ {[%emt 0:00:01]} 7. Bd2 {[%emt 0:00:02]} Bxd2+ {[%emt 0:00:02]} 8. Nbxd2 {[%emt 0:00:02]} O-O {[%emt 0:00:01]} 9. e5 {[%emt 0:00:03]} d5 {[%emt 0:00:27]} 10. exf6 {[%emt 0:00:04]} dxc4 {[%emt 0:00:09]} 11. fxg7 {[%emt 0:00:03]} Re8+ {[%emt 0:00:02]} 12. Kf1 {[%emt 0:00:03]} Nxd4 {[%emt 0:00:06]} 13. Nxc4 {[%emt 0:00:16]} Nxf3 {[%emt 0:00:05]} 14. Qxf3 {[%emt 0:00:00]} Qd4 {[%emt 0:00:30]} 15. Ne3 {[%emt 0:00:22]} Be6 {[%emt 0:00:19]} 16. Qxb7 {[%emt 0:00:25]} Bc4+ {[%emt 0:00:08]} 17. Nxc4 {[%emt 0:00:16]} Qxc4+ {[%emt 0:00:01]} 18. Kg1 {[%emt 0:00:02]} Rab8 {[%emt 0:00:20]} 19. Qf3 {[%emt 0:00:32]} Qxa2 {[%emt 0:00:08]} 20. Rd1 {[%emt 0:00:18]} Rxb2 {[%emt 0:00:09]} 21. g3 {[%emt 0:00:06]} Rb1 {[%emt 0:00:16]} 22. Kg2 {[%emt 0:00:06]} Rxd1 {[%emt 0:00:04]} 23. Rxd1 {[%emt 0:00:00]} Qe2 {[%emt 0:00:17]} 24. Qxe2 {[%emt 0:00:10]} Rxe2 {[%emt 0:00:00]} 25. Rd7 {[%emt 0:00:01]} Rc2 {[%emt 0:00:03]} 26. Rd8+ {[%emt 0:00:04]} Kxg7 {[%emt 0:00:01]} 27. Ra8 {[%emt 0:00:01]} Ra2 {[%emt 0:00:04]} 28. Kf3 {[%emt 0:00:02]} Kf6 {[%emt 0:00:05]} 29. h4 {[%emt 0:00:03]} Ke6 {[%emt 0:00:01]} 30. Rh8 {[%emt 0:00:03]} c5 {[%emt 0:00:06]} 31. Rxh7 {[%emt 0:00:02]} Rd2 {[%emt 0:00:02]} 32. Rh6+ {[%emt 0:00:03]} f6 {[%emt 0:00:02]} 33. g4 {[%emt 0:00:03]} c4 {[%emt 0:00:01]} 34. g5 {[%emt 0:00:02]} Kd5 {[%emt 0:00:01]} 35. Rxf6 {[%emt 0:00:02]} c3 {[%emt 0:00:03]} 36. Rf8 {[%emt 0:00:01]} c2 {[%emt 0:00:08]} 37. Rd8+ {[%emt 0:00:14]} Kc4 {[%emt 0:00:08]} 38. Rc8+ {[%emt 0:00:09]} Kd4 {[%emt 0:00:01]} 39. Rb8 {[%emt 0:00:00]} Rd3+ {[%emt 0:00:01]} 40. Kg4 {[%emt 0:00:03]} c1=Q {[%emt 0:00:01]} 41. Rd8+ {[%emt 0:00:01]} Ke4 {[%emt 0:00:02]} 42. Re8+ {[%emt 0:00:01]} Kd4 {[%emt 0:00:01]} 43. Rd8+ {[%emt 0:00:03]} Ke5 {[%emt 0:00:00]} 44. Re8+ {[%emt 0:00:02]} Kd6 {[%emt 0:00:02]} 45. Rd8+ {[%emt 0:00:01]} Ke7 {[%emt 0:00:01]} 46. Rxd3 {[%emt 0:00:02]} Qc4+ {[%emt 0:00:00]} 47. Kh5 {[%emt 0:00:04]} Qxd3 {[%emt 0:00:01]} 48. f4 {[%emt 0:00:00]} Qh7+ {[%emt 0:00:02]} 49. Kg4 {[%emt 0:00:02]} a5 {[%emt 0:00:00]} 50. f5 {[%emt 0:00:02]} a4 {[%emt 0:00:01]} 51. g6 {[%emt 0:00:03]} Qg7 {[%emt 0:00:01]} 52. Kg5 {[%emt 0:00:03]} a3 {[%emt 0:00:03]} 53. h5 {[%emt 0:00:01]} Qf6+ {[%emt 0:00:01]} 54. Kh6 {[%emt 0:00:02]} a2 {[%emt 0:00:03]} 55. Kh7 {[%emt 0:00:02]} Kf8 {[%emt 0:00:02]} 56. h6 {[%emt 0:00:04]} Ke8 {[%emt 0:00:08]} 57. g7 {[%emt 0:00:03] .} Qxf5+ {[%emt 0:00:01]} 58. Kh8 {[%emt 0:00:02]} a1=Q {[%emt 0:00:01]} 59. Kg8 {[%emt 0:00:07]} Qf7+ {[%emt 0:00:04]} 60. Kh8 {[%emt 0:00:02]} Qb2 {[%emt 0:00:01]} 61. Kh7 {[%emt 0:00:01]} Qc2+ {[%emt 0:00:02]} 62. Kh8 {[%emt 0:00:02]} Qcg6 {[%emt 0:00:02]} 63. g8=Q+ {[%emt 0:00:05]} Qfxg8# {[%emt 0:00:01] (Lag: Av=2.40s, max=15.5s)} 0-1

[Event "Is Bankasi Online Satranc Turn.13-14 Yas"]
[Site "T#645826Mustafa Kemal"]
[Date "2020.05.08"]
[Round "3"]
[White "Omerfarukkuscu98"]
[Black "Cavittankilica52"]
[Result "1-0"]
[WhiteElo "1620"]
[BlackElo "1620"]
[Annotator "NA RC"]
[PlyCount "111"]
[EventDate "2020.05.08"]
[EventType "swiss (blitz)"]

1. c4 {[%emt 0:00:05]} e5 {[%emt 0:00:21]} 2. Nc3 {[%emt 0:00:03]} Bb4 {[%emt 0:00:02]} 3. g3 {[%emt 0:00:03]} Bxc3 {[%emt 0:00:02]} 4. bxc3 {[%emt 0:00:02]} Nf6 {[%emt 0:00:02]} 5. Bg2 {[%emt 0:00:02]} c6 {[%emt 0:00:04]} 6. Nf3 {[%emt 0:00:03]} d6 {[%emt 0:00:09]} 7. O-O {[%emt 0:00:04]} O-O {[%emt 0:00:03]} 8. c5 {[%emt 0:00:09]} Bg4 {[%emt 0:00:07]} 9. cxd6 {[%emt 0:00:07]} Bxf3 {[%emt 0:00:03]} 10. Bxf3 {[%emt 0:00:06]} Qxd6 {[%emt 0:00:02]} 11. Qb3 {[%emt 0:00:05]} Qc7 {[%emt 0:00:20]} 12. Rb1 {[%emt 0:00:03]} Nbd7 {[%emt 0:00:08]} 13. Qxb7 {[%emt 0:00:04]} Qxb7 {[%emt 0:00:06]} 14. Rxb7 {[%emt 0:00:00]} Rab8 {[%emt 0:00:03]} 15. Rxa7 {[%emt 0:00:08]} e4 {[%emt 0:00:04]} 16. Bg2 {[%emt 0:00:05]} Ra8 {[%emt 0:00:02]} 17. Rxa8 {[%emt 0:00:07]} Rxa8 {[%emt 0:00:01]} 18. a3 {[%emt 0:00:02]} Nc5 {[%emt 0:00:04]} 19. f3 {[%emt 0:00:15]} exf3 {[%emt 0:00:08]} 20. Bxf3 {[%emt 0:00:00]} Nb3 {[%emt 0:00:05]} 21. Bxc6 {[%emt 0:00:14]} Ra6 {[%emt 0:00:03]} 22. Bb5 {[%emt 0:00:05]} Ra5 {[%emt 0:00:08]} 23. a4 {[%emt 0:00:12]} Nc5 {[%emt 0:00:01]} 24. c4 {[%emt 0:00:10]} Nxa4 {[%emt 0:00:07]} 25. d3 {[%emt 0:00:02]} Nc3 {[%emt 0:00:04]} 26. Kf2 {[%emt 0:00:09]} Ng4+ {[%emt 0:00:17]} 27. Kg2 {[%emt 0:00:30]} Ra2 {[%emt 0:00:32]} 28. Kh3 {[%emt 0:00:19]} Nf6 {[%emt 0:00:16]} 29. Bg5 {[%emt 0:00:08]} Rxe2 {[%emt 0:00:11]} 30. Bxf6 {[%emt 0:00:05]} gxf6 {[%emt 0:00:05]} 31. Rxf6 {[%emt 0:00:02]} Re5 {[%emt 0:00:06]} 32. d4 {[%emt 0:00:09]} Rh5+ {[%emt 0:00:08]} 33. Kg2 {[%emt 0:00:03]} Nxb5 {[%emt 0:00:03]} 34. cxb5 {[%emt 0:00:02]} Rxb5 {[%emt 0:00:01]} 35. Kf3 {[%emt 0:00:03]} Rd5 {[%emt 0:00:01]} 36. Rf4 {[%emt 0:00:02]} Kg7 {[%emt 0:00:02]} 37. Ke4 {[%emt 0:00:03]} Rd7 {[%emt 0:00:02]} 38. d5 {[%emt 0:00:01]} f6 {[%emt 0:00:02]} 39. Kd4 {[%emt 0:00:05]} Ra7 {[%emt 0:00:06]} 40. d6 {[%emt 0:00:04]} Rd7 {[%emt 0:00:02]} 41. Kc5 {[%emt 0:00:02]} Kf7 {[%emt 0:00:01]} 42. Re4 {[%emt 0:00:01]} h6 {[%emt 0:00:04]} 43. Kc6 {[%emt 0:00:01]} Ra7 {[%emt 0:00:03]} 44. d7 {[%emt 0:00:05]} Ra6+ {[%emt 0:00:01]} 45. Kb7 {[%emt 0:00:05]} Rd6 {[%emt 0:00:02]} 46. Kc7 {[%emt 0:00:01]} Rxd7+ {[%emt 0:00:05]} 47. Kxd7 {[%emt 0:00:01]} f5 {[%emt 0:00:01]} 48. Rf4 {[%emt 0:00:01]} Kf6 {[%emt 0:00:02]} 49. h4 {[%emt 0:00:01]} h5 {[%emt 0:00:01]} 50. Kd6 {[%emt 0:00:01]} Kg6 {[%emt 0:00:02]} 51. Ke5 {[%emt 0:00:01]} Kh7 {[%emt 0:00:01]} 52. Rxf5 {[%emt 0:00:01]} Kh8 {[%emt 0:00:02]} 53. Rxh5+ {[%emt 0:00:01]} Kg7 {[%emt 0:00:01]} 54. g4 {[%emt 0:00:01]} Kg8 {[%emt 0:00:01]} 55. Kf6 {[%emt 0:00:03]} Kf8 {[%emt 0:00:02]} 56. Rh8# {[%emt 0:00:01] (Lag: Av=1.08s, max=1.8s)} 1-0

[Event "Is Bankasi Online Satranc Turn.13-14 Yas"]
[Site "T#645826Mustafa Kemal"]
[Date "2020.05.08"]
[Round "3"]
[White "Sametcelebi04"]
[Black "Furkanyurtal88"]
[Result "0-1"]
[WhiteElo "1620"]
[BlackElo "1475"]
[Annotator "NA RC"]
[PlyCount "54"]
[EventDate "2020.05.08"]
[EventType "swiss (blitz)"]

1. e4 {[%emt 0:00:03]} c6 {[%emt 0:00:04]} 2. Nf3 {[%emt 0:00:02]} d5 {[%emt 0:00:01]} 3. Nc3 {[%emt 0:00:07]} dxe4 {[%emt 0:00:06]} 4. Nxe4 {[%emt 0:00:03]} Bf5 {[%emt 0:00:02]} 5. Bd3 {[%emt 0:00:14]} Bxe4 {[%emt 0:00:05]} 6. Bxe4 {[%emt 0:00:02]} Nf6 {[%emt 0:00:02]} 7. Bf5 {[%emt 0:00:08]} e6 {[%emt 0:00:06]} 8. Bh3 {[%emt 0:00:05]} Bd6 {[%emt 0:00:06]} 9. d3 {[%emt 0:00:11]} O-O {[%emt 0:00:04]} 10. Bg5 {[%emt 0:00:11]} Nbd7 {[%emt 0:00:04]} 11. g3 {[%emt 0:00:08]} h6 {[%emt 0:00:06]} 12. Qd2 {[%emt 0:00:12]} hxg5 {[%emt 0:00:25]} 13. Qxg5 {[%emt 0:00:05]} Nh7 {[%emt 0:00:03]} 14. Qxd8 {[%emt 0:00:16]} Raxd8 {[%emt 0:00:03]} 15. O-O-O {[%emt 0:00:04]} Ne5 {[%emt 0:00:05]} 16. Nxe5 {[%emt 0:00:05]} Bxe5 {[%emt 0:00:00]} 17. Rde1 {[%emt 0:00:07]} Bc7 {[%emt 0:00:06]} 18. Re2 {[%emt 0:00:06]} Ng5 {[%emt 0:00:05]} 19. Bg4 {[%emt 0:00:06]} Rd5 {[%emt 0:00:41]} 20. Rhe1 {[%emt 0:00:00]} Rfd8 {[%emt 0:00:07]} 21. h4 {[%emt 0:00:35]} Nh7 {[%emt 0:00:03]} 22. Bf3 {[%emt 0:00:10]} R5d7 {[%emt 0:00:02]} 23. Re3 {[%emt 0:00:14]} Nf6 {[%emt 0:00:02]} 24. R1e2 {[%emt 0:00:09]} Nd5 {[%emt 0:00:03]} 25. Bxd5 {[%emt 0:00:10]} Rxd5 {[%emt 0:00:03]} 26. Kb1 {[%emt 0:00:13]} Rf5 {[%emt 0:00:02]} 27. g4 {[%emt 0:00:08]} Rf4 {[%emt 0:00:03] Zaman (Lag: Av=0.63s, max=1.2s)} 0-1

[Event "Is Bankasi Online Satranc Turn.13-14 Yas"]
[Site "T#645826Mustafa Kemal"]
[Date "2020.05.08"]
[Round "3"]
[White "Suatcankorkmaz06"]
[Black "boratuncaya04"]
[Result "1-0"]
[WhiteElo "1620"]
[BlackElo "1620"]
[Annotator "NA RC"]
[PlyCount "37"]
[EventDate "2020.05.08"]
[EventType "swiss (blitz)"]

1. e4 {[%emt 0:00:03]} e5 {[%emt 0:00:02]} 2. Nf3 {[%emt 0:00:02]} Nc6 {[%emt 0:00:01]} 3. d4 {[%emt 0:00:01]} Nf6 {[%emt 0:00:01]} 4. d5 {[%emt 0:00:18]} Nd4 {[%emt 0:00:08]} 5. Nxd4 {[%emt 0:00:05]} Bb4+ {[%emt 0:00:05]} 6. c3 {[%emt 0:00:06]} Bc5 {[%emt 0:00:05]} 7. Nb3 {[%emt 0:00:17]} O-O {[%emt 0:00:04]} 8. Nxc5 {[%emt 0:00:03]} b6 {[%emt 0:00:04]} 9. Nd3 {[%emt 0:00:07]} Ba6 {[%emt 0:00:03]} 10. Be2 {[%emt 0:00:04]} Nxe4 {[%emt 0:00:09]} 11. O-O {[%emt 0:00:05]} Qf6 {[%emt 0:00:13]} 12. Nd2 {[%emt 0:00:16]} c6 {[%emt 0:00:04]} 13. Nxe4 {[%emt 0:00:02]} cxd5 {[%emt 0:00:03]} 14. Nxf6+ {[%emt 0:00:04]} gxf6 {[%emt 0:00:02]} 15. Bh6 {[%emt 0:00:03]} Rfe8 {[%emt 0:00:03]} 16. Nxe5 {[%emt 0:00:08]} fxe5 {[%emt 0:00:02]} 17. Bxa6 {[%emt 0:00:02]} Rac8 {[%emt 0:00:05]} 18. Qg4+ {[%emt 0:00:02]} Kh8 {[%emt 0:00:13]} 19. Qg7# {[%emt 0:00:05] (Lag: Av=0.77s, max=1.6s)} 1-0